Search the Library Catalogue
| 000 -LEADER | |
|---|---|
| fixed length control field | 00808nam a2200169Ia 4500 |
| 008 - FIXED-LENGTH DATA ELEMENTS--GENERAL INFORMATION | |
| fixed length control field | 250714s9999 xx 000 0 und d |
| 020 ## - INTERNATIONAL STANDARD BOOK NUMBER | |
| ISBN | 9780521010641 |
| 082 ## - DEWEY DECIMAL CLASSIFICATION NUMBER | |
| Classification number | 931 |
| Item number | LIU |
| 100 ## - MAIN ENTRY--AUTHOR NAME | |
| Personal name | Liu, Li |
| 245 #4 - TITLE STATEMENT | |
| Title | The Chinese Neolithic |
| 260 ## - PUBLICATION, DISTRIBUTION, ETC. (IMPRINT) | |
| Name of publisher | Cambridge University Press |
| Year of publication | 2007 |
| 300 ## - PHYSICAL DESCRIPTION | |
| Number of Pages | 332 pages |
| 500 ## - GENERAL NOTE | |
| General note | The Yellow River valley of China, during the period ca. 7000-1500, saw the transformation of egalitarian societies into stratified chiefdoms giving rise to early states. This book examines that transformation, emphasizing the interplay of many factors affecting these processes, such as climatic fluctuation, population movements, inter-group competition, warfare, and long-distance exchange of valuables. |
| 650 ## - SUBJECT ADDED ENTRY--TOPICAL TERM | |
| Topical Term | Social Science |
| 942 ## - ADDED ENTRY ELEMENTS (KOHA) | |
| Koha item type | English Books |
| Withdrawn status | Lost status | Damaged status | Not for loan | Home library | Current library | Shelving location | Date acquired | Full call number | Accession Number | Price effective from | Koha item type |
|---|---|---|---|---|---|---|---|---|---|---|---|
| Anna Centenary Library | Anna Centenary Library | 7TH FLOOR, B WING | 14.07.2025 | 931 LIU | 235595 | 14.07.2025 | English Books |